Solar engineering of thermal processes / (Record no. 8734)

MARC details
000 -LEADER
fixed length control field 01237pam a2200313 a 4500
001 - CONTROL NUMBER
control field 4834195
003 - CONTROL NUMBER IDENTIFIER
control field OSt
005 - DATE AND TIME OF LATEST TRANSACTION
control field 20250908110739.0
008 - FIXED-LENGTH DATA ELEMENTS--GENERAL INFORMATION
fixed length control field 901120s1991 nyua b 001 0 eng
010 ## - LIBRARY OF CONGRESS CONTROL NUMBER
LC control number 90025202
020 ## - INTERNATIONAL STANDARD BOOK NUMBER
International Standard Book Number 0471510564
040 ## - CATALOGING SOURCE
Original cataloging agency DLC
Transcribing agency must
Modifying agency DLC
082 00 - DEWEY DECIMAL CLASSIFICATION NUMBER
Classification number 621.47 DUF 1991
100 1# - MAIN ENTRY--PERSONAL NAME
Personal name Duffie, John A.
9 (RLIN) 17657
245 10 - TITLE STATEMENT
Title Solar engineering of thermal processes /
Statement of responsibility, etc. John A. Duffie, William A. Beckman.
250 ## - EDITION STATEMENT
Edition statement 2nd ed.
260 ## - PUBLICATION, DISTRIBUTION, ETC. (IMPRINT)
Place of publication, distribution, etc. New York :
Name of publisher, distributor, etc. Wiley,
Date of publication, distribution, etc. 1991.
300 ## - PHYSICAL DESCRIPTION
Extent xxiii, 919 p. :
Other physical details ill. ;
Dimensions 25 cm.
500 ## - GENERAL NOTE
General note "A Wiley-Interscience publication.
504 ## - BIBLIOGRAPHY, ETC. NOTE
Bibliography, etc Includes bibliographical references and index.
650 #0 - SUBJECT ADDED ENTRY--TOPICAL TERM
Topical term or geographic name as entry element Solar energy.
9 (RLIN) 4599
700 1# - ADDED ENTRY--PERSONAL NAME
Personal name Beckman, William A.
9 (RLIN) 17658
856 42 - ELECTRONIC LOCATION AND ACCESS
Materials specified Publisher description
Uniform Resource Identifier http://www.loc.gov/catdir/description/wiley033/90025202.html
856 4# - ELECTRONIC LOCATION AND ACCESS
Materials specified Table of Contents
Uniform Resource Identifier http://www.loc.gov/catdir/toc/onix04/90025202.html
856 42 - ELECTRONIC LOCATION AND ACCESS
Materials specified Contributor biographical information
Uniform Resource Identifier http://www.loc.gov/catdir/enhancements/fy0659/90025202-b.html
906 ## - LOCAL DATA ELEMENT F, LDF (RLIN)
a 7
b cbc
c orignew
d 1
e ocip
f 19
g y-gencatlg
942 ## - ADDED ENTRY ELEMENTS (KOHA)
Source of classification or shelving scheme Dewey Decimal Classification
Koha item type Book Bank
Holdings
Withdrawn status Lost status Source of classification or shelving scheme Damaged status Not for loan Home library Current library Date acquired Source of acquisition Inventory number Total Checkouts Full call number Barcode Date last seen Price effective from Koha item type
    Dewey Decimal Classification     MUST Main Library MUST Main Library 24/06/2024 Purchase 2005/24612   621.47 DUF 1991 2024-21074 24/06/2024 24/06/2024 Open Shelf
    Other/Generic Classification Scheme     MUST Main Library MUST Main Library 08/09/2025 Purchase 05/24611   621.47 DUF 1991 2025-0033 08/09/2025 08/09/2025 Book Bank